000 01415nam a2200361 i 4500
001 192760
003 SpMaBN
005 20240306063012.0
008 211112s2021 sp a | |||| 000 0dspa
017 _aM 23724-2021
_bOficina Depósito Legal Madrid
020 _a9788418895111
040 _aSpMaBN
_bspa
_cES-MaACL
_erda
080 _a305-058.12-055.2(460)"18/19"
080 _a070.42(460)"18/19"
100 1 _aDonis Serrano, Marisol
_eaut
_9161038
245 1 0 _aAnfitrionas :
_bcrónicas y cronistas de salones 1890-1930 /
_cMarisol Donis
264 1 _a[Madrid] :
_bTurner,
_c[2021]
300 _a315 páginas :
_bilustraciones (blanco y negro y color) ;
_c25 cm
336 _aTexto
_aImagen fija
_2rdacontent
337 _asin mediación
_2rdamedia
338 _avolumen
_2rdacarrier
500 _aÍndice
504 _aBibliografía: páginas 312-315
505 _aAnfitrionas ; Cronistas de sociedad ; Bodas con exhibición de "trousseau" ; Bailes y cuadros vivos ; Actos en sociedad ; No todo era rosa
650 4 _aMujeres-
_zEspaña
_915274
650 7 _aPeriodistas-
_zEspaña-
_yS.XIX
_9149760
650 0 _aPeriodistas-
_zEspaña-
_yS.XX
_9235469
650 7 _aMujeres periodistas-
_zEspaña
_9137797
852 _aEs-MaACL
_bR.153184
_cDEPOJ
_hDonación: Editorial
_jN-8392
_xCartoné
_9200059
942 _n0
_cMONOGRAFIA
999 _c192760
_d192760